| 000 | 00672nam a2200205 a 4500 | ||
|---|---|---|---|
| 005 | 20210219152916.0 | ||
| 008 | 991125n 000 0 spa u | ||
| 035 | _aUPN01000066764 | ||
| 222 | 0 | _aAVANCE Y PERSPECTIVA | |
| 245 | 0 | 0 | _aCapacitar cuadros para diseñar, estructurar y coordinar sistemas a nivel nacional : sección de matemática educativa |
| 260 | _aDistrito Federal, México | ||
| 300 | _a9-13 | ||
| 362 | 0 | _a1981 Vol. 1, nos. 3-4, feb.-may. | |
| 653 | 0 | _aCINVESTAV | |
| 653 | 0 | _aDEPARTAMENTO DE INVESTIGACION EDUCATIVA (MEXICO) | |
| 653 | 0 | _aLIBRO DE TEXTO GRATUITO | |
| 653 | 0 | _aMATEMATICA EDUCATIVA | |
| 904 |
_aAC _b004575 |
||
| 905 | _aArticulo | ||
| 999 |
_c63650 _d63650 |
||